[Event "Estonian-ch Women 2020"]
[Site "Paul Kerese Malemaja"]
[Date "2020.08.08"]
[Round "1.1"]
[White "Olde, Margareth"]
[Black "Sinitsina, Anastassia"]
[Result "1-0"]
[WhiteElo "2201"]
[BlackElo "2175"]
[Annotator "TA"]
[PlyCount "63"]
[EventDate "2020.08.09"]
[EventCountry "EST"]
[SourceTitle "playchess.com"]
[Source "ChessBase"]
[SourceQuality "1"]

{[%evp 16,63,0,-20,50,31,97,136,144,147,108,29,238,215,217,204,215,200,241,166,141,13,33,0,79,79,256,91,263,261,699,695,667,660,1066,1066,1058,1057,1057,1054,1008,986,6295,1043,6295,6295,5385,5377,29978,647]} 1. d4 Nf6 2. c4 c5 3. d5 b5 4. cxb5 a6 5. e3 axb5 6. Bxb5 Qa5+ 7. Nc3 Bb7 8. e4 Nxe4 9. Nge2 e6 {A57: Benko/Volga Gambit.} (9... Nd6 $11 10. Ba4 g6) 10. O-O $14 Nxc3 ({Black should try} 10... Be7 $14) 11. Nxc3 $16 Be7 {White is clearly better.} 12. dxe6 fxe6 {[#]} 13. Qg4 $146 (13. a4 $16) ({Predecessor:} 13. Qh5+ g6 14. Qh6 Nc6 15. Qg7 Rf8 16. Qxh7 Kd8 17. Bh6 Re8 18. Bd3 Qb4 19. Bxg6 {1-0 (65) Korsunsky,Y (2415)-El Ghazali,Y (2335) Tanta 1998}) 13... Kf8 $2 (13... O-O $11) 14. Bg5 Qd8 15. Ne4 Bxg5 16. Nxg5 {Strongly threatening Bxd7!} (16. Qxg5 Qxg5 17. Nxg5 h6 $11) 16... Nc6 {intending ...Nd4.} 17. Bxc6 Bxc6 18. Rad1 (18. Qf4+ $16 Qf6 19. Nxe6+ $1 {[%mdl 512]} dxe6 20. Qd6+ {[%mdl 64] Double Attack} Kf7 21. Qc7+ (21. Qxc6 Rhc8 $16) 21... Qe7 22. Qxc6) 18... Qe7 19. Rfe1 $40 {[%cal Rg5e6][%mdl 128] Black must now prevent Nxe6+. Black needs to defend precisely.} Ra4 (19... h5 $11 {remains equal.} 20. Qf4+ Kg8) 20. Qg3 Rb4 $2 (20... Kg8 $16 {was called for.}) 21. Nf3 $2 (21. Rd6 $18 {has better winning chances.} Kg8 22. Nxe6) 21... Rxb2 $2 (21... Bxf3 $16 {is a better defense.} 22. Qxf3+ Ke8) 22. Ne5 $18 Rb6 $2 (22... Rb7 23. Nxc6 dxc6) 23. Rb1 ({Not} 23. Nxc6 Rxc6 24. Re3 Ke8 $16) 23... Rb4 24. a3 Rb7 25. Nxc6 dxc6 26. Qf3+ Kg8 27. Qxc6 {[%mdl 64] Double Attack} Rxb1 28. Rxb1 Qd8 29. Qxe6+ Kf8 30. Qe5 Qd7 31. Qb8+ Qe8 32. Qxe8+ {Accuracy: White = 61%, Black = 32%.} (32. Qf4+ $142 Ke7 33. Qe5+ {[%mdl 64] Double Attack} Kf8 {[#]} 34. Rb8 $1 {[%mdl 512]} Qxb8 35. Qxb8+ Ke7 36. Qxh8 {[%mdl 64] Double Attack} Kd6 37. Qd8+ Ke6 38. a4) 1-0

[Event "Estonian-ch Women 2020"]
[Site "Paul Kerese Malemaja"]
[Date "2020.08.08"]
[Round "1.2"]
[White "Ivanova, Lidia"]
[Black "Tonso, Liina"]
[Result "0-1"]
[WhiteElo "1430"]
[BlackElo "1862"]
[Annotator "NA RC"]
[PlyCount "69"]
[EventDate "2020.08.09"]
[EventCountry "EST"]
[SourceTitle "playchess.com"]
[Source "ChessBase"]
[SourceQuality "1"]
[TimeControl "40/5400+30:900+30"]

1. e4 {[%emt 0:00:00]} c5 {[%emt 0:00:00]} 2. d3 {[%emt 0:00:00]} a6 {[%emt 0:00:14]} 3. g3 {[%emt 0:00:00]} b5 {[%emt 0:00:27]} 4. Bg2 {[%emt 0:00:19]} Bb7 {[%emt 0:00:29]} 5. f4 {[%emt 0:00:59]} e6 {[%emt 0:00:30]} 6. Nf3 {[%emt 0:00:38]} d5 {[%emt 0:00:59]} 7. e5 {[%emt 0:01:38]} h5 {[%emt 0:01:50]} 8. Be3 {[%emt 0:03:54]} Nh6 {[%emt 0:02:37]} 9. h3 {[%emt 0:02:11]} Nf5 {[%emt 0:04:24]} 10. Bf2 {[%emt 0:01:36]} Nc6 {[%emt 0:06:26]} 11. Nbd2 {[%emt 0:08:08]} Be7 {[%emt 0:03:58]} 12. a4 {[%emt 0:11:26]} b4 {[%emt 0:04:39]} 13. Nb3 {[%emt 0:02:20]} Qb6 {[%emt 0:09:22]} 14. O-O {[%emt 0:15:59]} Na5 {[%emt 0:06:45]} 15. Nxa5 {[%emt 0:25:16]} Qxa5 {[%emt 0:00:11]} 16. b3 {[%emt 0:00:52]} Qc7 {[%emt 0:10:30]} 17. Rc1 {[%emt 0:02:21]} a5 {[%emt 0:06:52]} 18. Qe1 {[%emt 0:09:48]} Rc8 {[%emt 0:05:11]} 19. g4 {[%emt 0:00:45]} hxg4 {[%emt 0:05:10]} 20. hxg4 {[%emt 0:00:03]} Nh6 {[%emt 0:00:27]} 21. Nh2 {[%emt 0:04:25]} c4 {[%emt 0:04:50]} 22. dxc4 {[%emt 0:02:37]} dxc4 {[%emt 0:00:29]} 23. Bxb7 {[%emt 0:01:50]} Qxb7 {[%emt 0:00:10]} 24. Qe2 {[%emt 0:00:11]} Bc5 {[%emt 0:06:01]} 25. Bxc5 {[%emt 0:00:41]} Rxc5 {[%emt 0:00:06]} 26. Qg2 {[%emt 0:00:45]} Qxg2+ {[%emt 0:01:25]} 27. Kxg2 {[%emt 0:00:05]} Ke7 {[%emt 0:01:20]} 28. Rfd1 {[%emt 0:00:22]} f6 {[%emt 0:03:11]} 29. exf6+ {[%emt 0:00:29]} gxf6 {[%emt 0:00:13]} 30. Re1 {[%emt 0:01:51]} Rhc8 {[%emt 0:01:01]} 31. Re3 {[%emt 0:03:00]} cxb3 {[%emt 0:00:33]} 32. Rce1 {[%emt 0:00:53]} bxc2 {[%emt 0:03:01]} 33. Rxe6+ {[%emt 0:00:06]} Kf7 {[%emt 0:01:12]} 34. g5 {[%emt 0:00:51]} fxg5 {[%emt 0:04:28]} 35. Rxh6 0-1

[Event "Estonian-ch Women 2020"]
[Site "Paul Kerese Malemaja"]
[Date "2020.08.08"]
[Round "1.3"]
[White "Blokhin, Sofia"]
[Black "Bashkite, Viktoria"]
[Result "1-0"]
[WhiteElo "1786"]
[BlackElo "2186"]
[Annotator "TA"]
[PlyCount "85"]
[EventDate "2020.08.09"]
[EventCountry "EST"]
[SourceTitle "playchess.com"]
[Source "ChessBase"]
[SourceQuality "1"]

{[%evp 9,85,-1,8,-6,45,49,54,40,38,22,31,28,37,29,17,11,23,-4,-3,-13,0,0,-6,0,23,24,52,51,45,66,116,106,240,264,379,172,152,116,110,0,-14,-14,0,0,18,-8,0,-178,-184,-185,-175,-181,-178,-151,-152,-154,-164,-204,-181,-165,-159,-235,-156,-222,-233,-678,-672,-703,-700,-649,-375,-364,416,427,412,402,758,734]} 1. e4 d5 2. exd5 Qxd5 3. Nc3 Qd6 4. d4 Nf6 5. Bd3 Nc6 $1 6. Nge2 {B01: Scandinavian Defence.} Bg4 (6... e5 $11) 7. f3 $14 Bh5 8. Bf4 {White is slightly better.} Qd7 9. Qd2 e6 10. a3 a6 {[#]} 11. Bc4 $146 ({Predecessor:} 11. O-O-O O-O-O 12. Bc4 Nd5 13. Bg3 Nce7 14. Nf4 Bg6 15. Bh4 f6 16. Bf2 Nxf4 17. Qxf4 {1-0 (79) Ozgibcev,A (2459)-Zaitsev,V (2426) Tomsk 2001}) 11... O-O-O {[%cal Rc6d4]} 12. Rd1 (12. O-O-O {is interesting.} Bg6 13. h4 h5 14. Be3 Bd6 15. Kb1) 12... Nd5 13. Bxd5 (13. Bg3 {is more complex.} Bg6 14. O-O Be7 15. Bb3 h5 16. Bf2) 13... exd5 14. b4 Na7 15. O-O f6 16. Rb1 g5 17. Bg3 Nb5 18. Nxb5 axb5 19. Nc3 Be8 20. a4 $1 bxa4 (20... Bd6 $16 {keeps fighting.}) 21. b5 $18 Bd6 (21... a3 {was necessary.}) 22. Bxd6 (22. Nxa4 $142 {And now Qa5 would win.} b6 23. Bxd6 Qxd6 24. Nc3) 22... Qxd6 23. Nxa4 b6 24. Rfc1 (24. Qc3 $1 $16) 24... Bf7 $11 25. Nb2 Rhe8 26. Nd3 Re7 27. Nb4 {Hoping for Nc6.} Rde8 28. Nc6 $2 (28. Qc3 $11 {and White stays safe.}) 28... Re2 $19 29. Qd1 Qf4 30. Ra1 {[#]} Qe3+ $1 31. Kh1 Kd7 $40 {[%mdl 128] White is in trouble.} 32. Qg1 Qc3 33. h3 Bh5 ({Much less strong is} 33... Rxc2 34. Re1 $17) 34. Qf1 {Threatening Ne5+!} Qc4 ({Don't do} 34... Rxc2 35. Rxc2 Qxc2 36. Rc1 $17) 35. Rab1 (35. c3 $17) 35... Bg6 ({Weaker is} 35... Rxc2 36. Rxc2 Qxc2 37. Rc1 $17) 36. Rb4 (36. f4 $17) 36... Qc3 {Strongly threatening ...Re1.} 37. Rb3 $2 {[#]} (37. Rbb1 Qd2 38. Nb4) 37... Qd2 $1 38. Rbb1 Bxc2 39. Ra1 Bd3 40. Rd1 Qc2 $4 {[%mdl 8192]} (40... Qc3 $19 {avoids the disaster.} 41. Na7 Bc4) 41. Nb4 $1 $18 {[%csl LRc2,LRd3,LRd5][%mdl 64] Double Attack} Qc4 42. Nxd3 Qxb5 {[#]} (42... R8e3 $142 43. Rab1 h5) 43. Rd2 $1 {[%mdl 512] A wild game. Accuracy: White = 66%, Black = 58%.} 1-0

[Event "Estonian-ch Women 2020"]
[Site "Paul Kerese Malemaja"]
[Date "2020.08.08"]
[Round "1.4"]
[White "Narva, Triin"]
[Black "Narva, Mai"]
[Result "1/2-1/2"]
[WhiteElo "2107"]
[BlackElo "2333"]
[Annotator "TA"]
[PlyCount "40"]
[EventDate "2020.08.09"]
[EventCountry "EST"]
[SourceTitle "playchess.com"]
[Source "ChessBase"]
[SourceQuality "1"]

{[%evp 13,20,2,23,-13,-14,-5,-6,-14,0]} 1. e4 c5 2. Nc3 Nc6 3. g3 g6 4. Bg2 Bg7 5. d3 d6 6. Be3 e6 7. Qd2 Nge7 8. f4 {B26: Closed Sicilian: 3 g3, lines with early Be3.} O-O {The position is equal.} 9. Nge2 Rb8 10. O-O $1 b5 {[#] An uneventful encounter.} {Predecessor:} 11. Rae1 $146 Nd4 12. Nd1 b4 13. g4 f5 14. g5 Bb7 15. h4 Qe8 16. Ng3 Qa4 17. c3 bxc3 18. Nxc3 Qc2 19. Rf2 Qxd2 20. Rxd2 Nec6 {½-½ (67) Jafet Junior,C (1614)-Lima,A (1677) Sao Paulo 2019} 1/2-1/2

[Event "Estonian-ch Women 2020"]
[Site "Paul Kerese Malemaja"]
[Date "2020.08.09"]
[Round "2.2"]
[White "Sinitsina, Anastassia"]
[Black "Ivanova, Lidia"]
[Result "1-0"]
[WhiteElo "2175"]
[BlackElo "1430"]
[Annotator "ChessBase"]
[PlyCount "43"]
[EventDate "2020.08.09"]
[EventCountry "EST"]
[SourceTitle "playchess.com"]
[Source "ChessBase"]
[SourceQuality "1"]
[TimeControl "40/5400+30:900+30"]

1. Nf3 {[%emt 0:00:00]} d5 {[%emt 0:00:00]} 2. g3 {[%emt 0:00:02]} Nf6 {[%emt 0:00:41]} 3. Bg2 {[%emt 0:00:14]} g6 {[%emt 0:00:34]} 4. b3 {[%emt 0:00:52]} Bg7 {[%emt 0:00:24]} 5. Bb2 {[%emt 0:00:29]} O-O {[%emt 0:01:06]} 6. O-O {[%emt 0:00:22]} c6 {[%emt 0:03:16]} 7. d3 {[%emt 0:01:09]} Bf5 {[%emt 0:03:47]} 8. Nbd2 {[%emt 0:00:48]} a5 {[%emt 0:03:38]} 9. a4 {[%emt 0:02:29]} Na6 {[%emt 0:03:44]} 10. Re1 {[%emt 0:06:49]} Qc8 {[%emt 0:07:05]} 11. e4 {[%emt 0:02:46]} dxe4 {[%emt 0:01:37]} 12. dxe4 {[%emt 0:00:23]} Bh3 {[%emt 0:02:49]} 13. Nc4 {[%emt 0:03:53]} Bxg2 {[%emt 0:02:45]} 14. Kxg2 {[%emt 0:00:06]} Qd8 {[%emt 0:01:35]} 15. Qe2 {[%emt 0:00:48]} Nh5 {[%emt 0:07:09]} 16. e5 {[%emt 0:06:03]} Nb4 {[%emt 0:12:21]} 17. Rad1 {[%emt 0:02:23]} Qc7 {[%emt 0:00:47]} 18. Qe4 {[%emt 0:01:37]} f5 {[%emt 0:05:44]} 19. exf6 {[%emt 0:01:03]} Bxf6 {[%emt 0:00:32]} 20. Qe6+ {[%emt 0:01:30]} Kh8 {[%emt 0:02:31]} 21. Rd7 {[%emt 0:00:39]} Qb8 {[%emt 0:07:37]} 22. Qxe7 {[%emt 0:00:11]} 1-0

[Event "Estonian-ch Women 2020"]
[Site "Paul Kerese Malemaja"]
[Date "2020.08.09"]
[Round "2.3"]
[White "Tonso, Liina"]
[Black "Blokhin, Sofia"]
[Result "1-0"]
[WhiteElo "1862"]
[BlackElo "1786"]
[Annotator "NA"]
[PlyCount "144"]
[EventDate "2020.08.09"]
[EventCountry "EST"]
[SourceTitle "playchess.com"]
[Source "ChessBase"]
[SourceQuality "1"]
[TimeControl "40/5400+30:900+30"]

1. d4 {[%emt 0:00:00]} f5 {[%emt 0:00:00]} 2. h3 {[%emt 0:00:11]} Nf6 {[%emt 0:00:00]} 3. Nf3 {[%emt 0:00:23]} d6 {[%emt 0:00:24]} 4. Bf4 {[%emt 0:00:35]} e6 {[%emt 0:00:25]} 5. e3 {[%emt 0:01:54]} Be7 {[%emt 0:00:27]} 6. c4 {[%emt 0:04:57] A80: Dutch Defence: Unusual White second moves.} O-O {[%emt 0:00:24]} 7. Nc3 {[%emt 0:02:06]} Ne4 {[%emt 0:01:07]} 8. Qc2 {[%emt 0:12:29]} Nxc3 {[%emt 0:02:14]} 9. Qxc3 {[%emt 0:00:53]} Nd7 {[%emt 0:01:48]} 10. Be2 {[%emt 0:01:46]} Nf6 {[%emt 0:00:37] [#]} 11. O-O $146 {[%emt 0:04:16]} ({Predecessor:} 11. Bd3 a5 12. a4 b6 13. O-O Qe8 14. Qe1 Bb7 15. Ng5 Bd8 16. d5 exd5 17. Bxf5 dxc4 {½-½ (31) Radulov,N (1731)-Djordjevic,Z (1956) Belgrade 2018}) 11... Ne4 {[%emt 0:01:09]} 12. Qc2 {[%emt 0:01:18]} b6 {[%emt 0:06:15]} 13. b4 {[%emt 0:05:16]} a5 {[%emt 0:05:10]} 14. a3 {[%emt 0:04:56]} Bb7 {[%emt 0:01:43]} 15. Nd2 {[%emt 0:06:46]} Ng5 {[%emt 0:03:59]} 16. Rfd1 {[%emt 0:07:13]} Ra7 {[%emt 0:05:17]} 17. c5 {[%emt 0:10:03]} Qa8 {[%emt 0:08:13]} 18. cxb6 {[%emt 0:06:02]} cxb6 {[%emt 0:01:04]} 19. Bxg5 {[%emt 0:03:08]} Bxg5 {[%emt 0:01:18]} 20. Bf3 {[%emt 0:01:02]} d5 {[%emt 0:03:21]} 21. b5 {[%emt 0:03:23]} Qb8 {[%emt 0:07:55]} 22. Rac1 {[%emt 0:03:13]} Bc8 {[%emt 0:00:35]} 23. Be2 {[%emt 0:02:22]} Bd7 {[%emt 0:02:34]} 24. Nf3 {[%emt 0:01:09]} Bf6 {[%emt 0:00:14]} 25. Qb2 {[%emt 0:02:20]} f4 {[%emt 0:02:45]} 26. Qd2 {[%emt 0:01:40]} g5 {[%emt 0:03:41]} 27. Bd3 {[%emt 0:01:49]} Kh8 {[%emt 0:01:28]} 28. Qe2 {[%emt 0:02:39]} Rg8 {[%emt 0:07:24]} 29. e4 {[%emt 0:01:21]} Qf8 {[%emt 0:09:07]} 30. exd5 {[%emt 0:02:08]} exd5 {[%emt 0:00:11]} 31. Ne5 {[%emt 0:01:56]} Bc8 {[%emt 0:05:07]} 32. Rc6 {[%emt 0:00:49]} Re7 {[%emt 0:03:10]} 33. Rdc1 {[%emt 0:02:17]} Bb7 {[%emt 0:01:12]} 34. Rxb6 {[%emt 0:00:53]} Qg7 {[%emt 0:02:03]} 35. a4 {[%emt 0:01:31]} Rge8 {[%emt 0:00:31]} 36. Qd2 {[%emt 0:00:56]} Bxe5 {[%emt 0:01:14]} 37. dxe5 {[%emt 0:00:03]} Qxe5 {[%emt 0:00:45]} 38. Qxa5 {[%emt 0:01:03]} d4 {[%emt 0:01:12]} 39. Qd2 {[%emt 0:00:43]} Qd5 {[%emt 0:01:23]} 40. Bf1 {[%emt 0:00:00]} Re2 {[%emt 0:00:00]} 41. Qd3 {[%emt 0:05:21]} Re1 {[%emt 0:11:46]} 42. Rxe1 {[%emt 0:06:00]} Rxe1 {[%emt 0:00:10]} 43. Kh2 {[%emt 0:02:12]} Ba8 {[%emt 0:01:46]} 44. Rb8+ {[%emt 0:01:50]} Kg7 {[%emt 0:00:11]} 45. Qc4 {[%emt 0:01:23]} Qxc4 {[%emt 0:02:34]} 46. Bxc4 {[%emt 0:00:03]} Be4 {[%emt 0:01:01]} 47. Re8 {[%emt 0:01:00]} Rc1 {[%emt 0:00:25]} 48. Rxe4 {[%emt 0:00:52]} Rxc4 {[%emt 0:00:06]} 49. a5 {[%emt 0:00:19]} Rc5 {[%emt 0:01:15]} 50. Rxd4 {[%emt 0:00:46]} Rxb5 {[%emt 0:00:05]} 51. Ra4 {[%emt 0:00:26]} Rb8 {[%emt 0:01:38]} (51... Rb7 $142 52. h4 Ra7 53. hxg5 Kg6) 52. a6 {[%emt 0:00:25]} Kf6 {[%emt 0:01:15]} 53. a7 {[%emt 0:00:29]} Ra8 {[%emt 0:00:06]} 54. Ra5 {[%emt 0:00:40]} h6 {[%emt 0:00:23]} 55. Kg1 {[%emt 0:00:53]} Ke6 {[%emt 0:00:58]} 56. Kf1 {[%emt 0:00:30]} Kd6 {[%emt 0:01:19]} 57. Ke2 {[%emt 0:00:29]} Kc6 {[%emt 0:00:41]} 58. Kf3 {[%emt 0:01:11]} Kd6 {[%emt 0:01:02]} 59. Kg4 {[%emt 0:00:54]} Ke6 {[%emt 0:00:13]} 60. Kh5 {[%emt 0:00:29]} Kf6 {[%emt 0:00:13]} 61. Ra6+ {[%emt 0:00:17]} Kg7 {[%emt 0:00:26]} 62. Rg6+ {[%emt 0:00:25]} Kf8 {[%emt 0:00:38]} 63. Ra6 $2 {[%emt 0:00:54]} (63. Kxh6 $18 Rxa7 64. Kxg5) 63... Kg7 {[%emt 0:00:06]} 64. Kg4 {[%emt 0:00:24]} Kf8 {[%emt 0:01:47]} 65. Kf5 {[%emt 0:00:30]} Kg7 {[%emt 0:00:43]} 66. Ke6 {[%emt 0:00:22]} f3 {[%emt 0:01:37]} 67. gxf3 {[%emt 0:00:20]} Kg6 {[%emt 0:00:16]} 68. Kd6 {[%emt 0:00:51]} Kf5 {[%emt 0:00:43]} 69. Kc7 {[%emt 0:00:27]} Kf4 {[%emt 0:00:13]} 70. Kb7 {[%emt 0:00:29]} Rxa7+ {[%emt 0:00:14]} 71. Kxa7 {[%emt 0:00:22]} Kxf3 {[%emt 0:00:10]} 72. Rxh6 {[%emt 0:00:12]} g4 1-0

[Event "Estonian-ch Women 2020"]
[Site "Paul Kerese Malemaja"]
[Date "2020.08.09"]
[Round "2.4"]
[White "Bashkite, Viktoria"]
[Black "Narva, Triin"]
[Result "0-1"]
[WhiteElo "2186"]
[BlackElo "2107"]
[Annotator "ChessBase"]
[PlyCount "66"]
[EventDate "2020.08.09"]
[EventCountry "EST"]
[SourceTitle "playchess.com"]
[Source "ChessBase"]
[SourceQuality "1"]
[TimeControl "40/5400+30:900+30"]

1. c4 {[%emt 0:00:00]} Nf6 {[%emt 0:00:00]} 2. Nf3 {[%emt 0:00:11]} g6 {[%emt 0:00:17]} 3. Nc3 {[%emt 0:00:38]} Bg7 {[%emt 0:00:32]} 4. e4 {[%emt 0:02:02]} d6 {[%emt 0:00:58]} 5. d4 {[%emt 0:01:03]} O-O {[%emt 0:01:39]} 6. h3 {[%emt 0:03:31]} Nbd7 {[%emt 0:14:43]} 7. e5 {[%emt 0:15:13]} Ne8 {[%emt 0:06:29]} 8. Bg5 {[%emt 0:10:17]} f6 {[%emt 0:34:59]} 9. exf6 {[%emt 0:02:04]} Nexf6 {[%emt 0:11:38]} 10. Qd2 {[%emt 0:01:04]} c6 {[%emt 0:04:57]} 11. Bh6 {[%emt 0:04:32]} e5 {[%emt 0:06:42]} 12. Bxg7 {[%emt 0:00:45]} Kxg7 {[%emt 0:00:05]} 13. Ng5 {[%emt 0:03:35]} Qe7 {[%emt 0:03:44]} 14. O-O-O {[%emt 0:03:53]} h6 {[%emt 0:01:57]} 15. dxe5 {[%emt 0:02:24]} dxe5 {[%emt 0:00:40]} 16. Nf3 {[%emt 0:16:41]} b6 {[%emt 0:06:45]} 17. Bd3 {[%emt 0:04:53]} Nc5 {[%emt 0:00:53]} 18. Bc2 {[%emt 0:00:20]} Bf5 {[%emt 0:00:59]} 19. Bxf5 {[%emt 0:10:59]} gxf5 {[%emt 0:00:08]} 20. Nh4 {[%emt 0:01:48]} Nfe4 {[%emt 0:00:22]} 21. Nxe4 {[%emt 0:00:38]} fxe4 {[%emt 0:01:19]} 22. g3 {[%emt 0:04:09]} Nd3+ {[%emt 0:00:37]} 23. Kb1 {[%emt 0:00:09]} Qg5 {[%emt 0:00:33]} 24. f4 {[%emt 0:00:56]} exf4 {[%emt 0:00:14]} 25. Qc3+ {[%emt 0:00:22]} Qf6 {[%emt 0:00:49]} 26. Rxd3 {[%emt 0:04:31]} exd3 {[%emt 0:00:13]} 27. Qxd3 {[%emt 0:00:10]} Rad8 {[%emt 0:00:39]} 28. Qf3 {[%emt 0:00:32]} Rd2 {[%emt 0:00:34]} 29. Qa3 {[%emt 0:00:22]} f3 {[%emt 0:00:30]} 30. Kc1 {[%emt 0:01:59]} Rfd8 {[%emt 0:00:30]} 31. Qxa7+ {[%emt 0:04:53]} R8d7 {[%emt 0:00:14]} 32. Qxb6 {[%emt 0:00:07]} f2 {[%emt 0:00:12]} 33. Rf1 {[%emt 0:00:07]} Rd1+ {[%emt 0:00:23]} 0-1

[Event "Estonian-ch Women 2020"]
[Site "Paul Kerese Malemaja"]
[Date "2020.08.10"]
[Round "3.2"]
[White "Blokhin, Sofia"]
[Black "Sinitsina, Anastassia"]
[Result "1-0"]
[WhiteElo "1786"]
[BlackElo "2175"]
[Annotator "ChessBase"]
[PlyCount "143"]
[EventDate "2020.08.09"]
[EventCountry "EST"]
[SourceTitle "playchess.com"]
[Source "ChessBase"]
[SourceQuality "1"]
[TimeControl "40/5400+30:900+30"]

1. e4 {[%emt 0:00:00]} c5 {[%emt 0:00:00]} 2. Nf3 {[%emt 0:00:00]} d6 {[%emt 0:00:05]} 3. d4 {[%emt 0:00:00]} cxd4 {[%emt 0:00:09]} 4. Nxd4 {[%emt 0:00:00]} Nf6 {[%emt 0:00:19]} 5. Nc3 {[%emt 0:00:00]} a6 {[%emt 0:00:14]} 6. Be3 {[%emt 0:01:02]} e5 {[%emt 0:00:45]} 7. Nb3 {[%emt 0:01:44]} Be6 {[%emt 0:00:45]} 8. f3 {[%emt 0:01:42]} h5 {[%emt 0:00:51]} 9. Qd2 {[%emt 0:00:47]} Nbd7 {[%emt 0:00:47]} 10. O-O-O {[%emt 0:01:21]} b5 {[%emt 0:02:01]} 11. h3 {[%emt 0:05:20]} Rc8 {[%emt 0:01:37]} 12. Kb1 {[%emt 0:04:47]} Nb6 {[%emt 0:02:09]} 13. Qf2 {[%emt 0:07:27]} Nfd7 {[%emt 0:00:45]} 14. Nd5 {[%emt 0:13:22]} Bxd5 {[%emt 0:03:44]} 15. exd5 {[%emt 0:00:12]} Nc4 {[%emt 0:01:41]} 16. Bc1 {[%emt 0:03:31]} Be7 {[%emt 0:02:51]} 17. Bd3 {[%emt 0:04:35]} h4 {[%emt 0:03:50]} 18. f4 {[%emt 0:01:55]} a5 {[%emt 0:04:00]} 19. fxe5 {[%emt 0:01:35]} Ndxe5 {[%emt 0:00:27]} 20. Nd4 {[%emt 0:03:37]} Qb6 {[%emt 0:06:15]} 21. Rhf1 {[%emt 0:05:55]} g6 {[%emt 0:01:55]} 22. Rde1 {[%emt 0:04:52]} Rh7 {[%emt 0:07:07]} 23. Bf4 {[%emt 0:07:00]} Rb8 {[%emt 0:14:30]} 24. Bxe5 {[%emt 0:03:43]} Nxe5 {[%emt 0:01:54]} 25. Bxb5+ {[%emt 0:01:00]} Kf8 {[%emt 0:00:49]} 26. b3 {[%emt 0:02:18]} Kg8 {[%emt 0:00:37]} 27. a4 {[%emt 0:01:37]} Qc7 {[%emt 0:02:38]} 28. Nc6 {[%emt 0:04:38]} Nxc6 {[%emt 0:00:05]} 29. dxc6 {[%emt 0:00:26]} d5 {[%emt 0:01:19]} 30. Qe3 {[%emt 0:02:12]} Bd6 {[%emt 0:01:45]} 31. Qd4 {[%emt 0:01:45]} Rh5 {[%emt 0:00:50]} 32. Re2 {[%emt 0:00:56]} Bg3 {[%emt 0:01:11]} 33. Qg4 {[%emt 0:02:40]} Rd8 {[%emt 0:00:44]} 34. Re3 {[%emt 0:00:39]} Qd6 {[%emt 0:01:18]} 35. Ref3 {[%emt 0:03:26]} Rh7 {[%emt 0:01:46]} 36. Qg5 {[%emt 0:02:45]} Be5 {[%emt 0:01:39]} 37. Re1 {[%emt 0:03:18]} Rh5 {[%emt 0:00:29]} 38. Qc1 {[%emt 0:00:44]} Qc5 {[%emt 0:01:02]} 39. Ref1 {[%emt 0:01:55]} Rf8 {[%emt 0:03:03]} 40. Rd3 {[%emt 0:00:00]} Bg7 {[%emt 0:00:00]} 41. Ka2 {[%emt 0:04:06]} Re5 {[%emt 0:03:59]} 42. Rdf3 {[%emt 0:02:41]} Re7 {[%emt 0:01:24]} 43. Qd2 {[%emt 0:05:45]} Rb8 {[%emt 0:02:05]} 44. c3 {[%emt 0:02:51]} Rbe8 {[%emt 0:02:30]} 45. Qf2 {[%emt 0:01:42]} Qxf2+ {[%emt 0:10:18]} 46. R1xf2 {[%emt 0:00:14]} Rc7 {[%emt 0:02:44]} 47. Rd3 {[%emt 0:00:34]} Re1 {[%emt 0:00:27]} 48. Kb2 {[%emt 0:00:34]} Rce7 {[%emt 0:01:42]} 49. Rxd5 {[%emt 0:00:50]} R1e3 {[%emt 0:00:34]} 50. Rc2 {[%emt 0:00:24]} Be5 {[%emt 0:00:41]} 51. Rd7 {[%emt 0:00:50]} Bg3 {[%emt 0:00:15]} 52. Rxe7 {[%emt 0:00:45]} Rxe7 {[%emt 0:00:04]} 53. Rd2 {[%emt 0:00:36]} f5 {[%emt 0:00:10]} 54. Rd7 {[%emt 0:00:31]} Kf7 {[%emt 0:00:05]} 55. Rxe7+ {[%emt 0:00:43]} Kxe7 {[%emt 0:00:05]} 56. b4 {[%emt 0:00:59]} Bc7 {[%emt 0:00:06]} 57. Be2 {[%emt 0:00:27]} Kd6 {[%emt 0:00:14]} 58. b5 {[%emt 0:00:31]} Kc5 {[%emt 0:00:17]} 59. Kc2 {[%emt 0:00:23]} Kd5 {[%emt 0:00:25]} 60. Kd3 {[%emt 0:00:16]} Bb6 {[%emt 0:00:42]} 61. Bd1 {[%emt 0:00:23]} Ke5 {[%emt 0:00:38]} 62. Bb3 {[%emt 0:00:21]} g5 {[%emt 0:00:07]} 63. Bd1 {[%emt 0:01:06]} Kd5 {[%emt 0:00:43]} 64. Bh5 {[%emt 0:00:34]} Ke5 {[%emt 0:00:14]} 65. Kc4 {[%emt 0:01:26]} Ke6 {[%emt 0:00:59]} 66. c7 {[%emt 0:01:00]} Kd7 {[%emt 0:00:48]} 67. Kd5 {[%emt 0:00:15]} f4 {[%emt 0:00:30]} 68. c4 {[%emt 0:00:10]} Bxc7 {[%emt 0:00:10]} 69. c5 {[%emt 0:00:08]} Bd8 {[%emt 0:00:07]} 70. b6 {[%emt 0:00:27]} Bf6 {[%emt 0:00:37]} 71. Bg4+ {[%emt 0:00:15]} Kd8 {[%emt 0:00:02]} 72. c6 {[%emt 0:00:29]} 1-0